Vplyv moderných technológií na súčasnú zahraničnú politiku Spojených štátov amerických diplomová práca

Guardado en:
Detalles Bibliográficos
Autor principal: Záhorák, Ľuboš
Autor Corporativo: Fakulta medzinárodných vzťahov EU. Katedra medzinárodných politických vzťahov
Otros Autores: Futó, Gilbert
Formato: Libro
Lenguaje:eslovaco
Publicado: Bratislava 2018
Etiquetas: Agregar Etiqueta
Sin Etiquetas, Sea el primero en etiquetar este registro!

MARC

LEADER 00000nbm a2200000 4500
001 0244489
005 20180807081428.6
041 0 |a slo 
044 |a SK 
245 1 0 |a Vplyv moderných technológií na súčasnú zahraničnú politiku Spojených štátov amerických  |b diplomová práca  |c Ľuboš Záhorák ; školiteľ: Gilbert Futó 
264 1 |a Bratislava  |c 2018 
300 |a 76 s. 
100 1 |a Záhorák, Ľuboš 
700 1 |a Futó, Gilbert 
710 2 |a Fakulta medzinárodných vzťahov EU. Katedra medzinárodných politických vzťahov